Personnages de One Piece par images (Click Quiz) - Statistiques

Statistiques générales
  • Ce quiz a été pris 303 fois
    56 depuis la dernière actualisation
  • Le résultat moyen est 33 sur 36
Statistiques - réponses
Hint Réponse % Correct
Baggy
98%
Sanji Vinsmoke
98%
Nami
98%
Arlong
98%
Monkey D. Luffy
98%
Roronoa Zoro
98%
Usopp
95%
Franky
95%
Koby
95%
Portgas D. Ace
95%
Big Mom
95%
Barbe Noire
95%
Shanks
95%
Brook
93%
Crocodile
93%
Jinbe
93%
Monkey D. Garp
93%
Doflamingo
93%
Barbe Blanche
93%
Tony-Tony Chopper
91%
Nico Robin
91%
Trafalgar D. Water Law
91%
Boa Hancock
91%
Eustass Kid
89%
Sabo
89%
Smoker
89%
Gol D. Roger
89%
Sengoku
86%
Silvers Rayleigh
86%
Rob Lucci
86%
Shirahoshi
86%
Kaido
86%
Cavendish
84%
Akainu
82%
Gecko Moria
80%
Ivankov
75%
Aucun quiz correspondant
Distribution des résultats
% des personnes avec chaque résultat
Percentile par nombre de réponses
Votre historique - résultats
Vous n’avez pas pris ce quiz depuis la dernière actualisation